[Event "Botafogo Fexerj op"]
[Site "Botafogo"]
[Date "2015.01.23"]
[Round "1"]
[White "De Freitas, Isabella Ribeiro Co"]
[Black "Pinheiro, Antonio"]
[Result "1-0"]
[WhiteElo "1363"]
[BlackElo "2060"]
[PlyCount "121"]
[EventDate "2015.01.23"]
[EventType "swiss"]
[EventRounds "6"]
[EventCountry "BRA"]
[SourceTitle "CBM 164 Extra"]
[Source "ChessBase"]
[SourceDate "2015.03.02"]
[SourceVersion "1"]
[SourceVersionDate "2015.03.02"]
[SourceQuality "1"]

1. c4 Nf6 2. Nc3 g6 3. g3 Bg7 4. Bg2 c6 5. d3 0-0 6. Nf3 Na6 7. a3 Nc7 8. Bf4 d5 9. Bxc7 Qxc7 10. cxd5 Nxd5 11. Nxd5 cxd5 12. Qb3 Qa5+ 13. Nd2 Be6 14. Rd1 Bh6 15. d4 Rac8 16. e3 Bg4 17. Ra1 Rfd8 18. Qxb7 Rb8 19. b4 Qa4 20. Qxe7 Qb5 21. Bf1 Qd7 22. Qxd7 Rxd7 23. Bg2 a5 24. bxa5 Rb2 25. a6 Ra7 26. Bxd5 Rxa6 27. Rb1 Rc2 28. Bb3 Rc3 29. a4 Bf5 30. e4 Bd7 31. f4 Bxa4 32. 0-0 Rd3 33. Bc4 Rxd2 34. Bxa6 Rxd4 35. e5 Bf8 36. Rbc1 Bb3 37. Rc3 Bd5 38. Rd3 Bc5 39. Rxd4 Bxd4+ 40. Rf2 f6 41. Kf1 Bxf2 42. Kxf2 Kf7 43. Ke3 f5 44. Kd4 Be4 45. Bc4+ Ke7 46. Bg8 Kf8 47. Bd5 Bb1 48. Ke3 Bc2 49. Kf2 Kg7 50. Kg2 Ba4 51. Kh3 Bb5 52. Kg2 Ba6 53. Kf3 Bc8 54. Ke3 Ba6 55. Kd4 Bf1 56. Kc5 Be2 57. e6 h6 58. Bc6 g5 59. e7 Bh5 60. e8Q Bxe8 61. Bxe8 1-0